000 00840nam a22003017a 4500
001 BR9201512
003 BR-BrBNA
005 20230928093639.0
007 ta
008 230509b bl.||||| |||| 00| 0 por d
040 _aBR-BrBNA
_bpor
_cBiblioteca Nacional de Agricultura
041 _a(Por)
072 _aH60
_b0120
_b3876
090 _ 0120 BR9201512
100 1 _aForster, R.
110 1 _aFundacao Cargill, Campinas, SP (Brasil)
245 1 _aControle das plantas invasoras na cultura do milho
246 1 _a[Weed control in corn cultivation!
260 3 _aCampinas, SP (Brasil):
_c1991.
300 _a46 p.
500 _a40 ref.; Serie desconsiderada
650 _aMILHO
650 _aHERBICIDA
650 _aCONTROLE QUIMICO
650 _aCONTROLE INTEGRADO
909 _a202309
_bLucia
_c55
_dLucia Elande
942 _cBK
999 _c46233
_d46233